[Event "Aragon-chT"]
[Site "Spain"]
[Date "2004.02.28"]
[Round "?"]
[White "Sarto Ramos, Angel"]
[Black "Sanchez Martin, Angel Miguel"]
[Result "1/2-1/2"]
[WhiteElo "2106"]
[BlackElo "2147"]
[PlyCount "49"]
[EventDate "2004.01.??"]
[EventType "team"]
[EventRounds "11"]
[EventCountry "ESP"]
[SourceTitle "EXT 2006"]
[Source "ChessBase"]
[SourceDate "2005.11.24"]
[SourceVersion "1"]
[SourceVersionDate "2005.11.24"]
[SourceQuality "1"]

1. d4 Nf6 2. Nf3 g6 3. Nc3 d5 4. Bg5 Bg7 5. e3 h6 6. Bh4 Bf5 7. h3 c6 8. g4 Be4 9. Bg2 Nbd7 10. Nxe4 Nxe4 11. Nd2 Nxd2 12. Qxd2 Nf6 13. Bf3 Ne4 14. Bxe4 dxe4 15. c4 Qb6 16. c5 Qa6 17. b4 0-0 18. Qe2 Qa4 19. 0-0 e5 20. Qc4 exd4 21. exd4 a5 22. a3 axb4 23. axb4 Qxa1 24. Rxa1 Rxa1+ 25. Kg2 1/2-1/2